Movies Quiz

Random Movies or Quote Quiz
Score 0/20 Timer 02:00
0 Plays Today
% Correct
Toy Story
95.5%
Finding Nemo
90.9%
Star Wars
88.6%
The Terminator
88.6%
Star Wars
86.4%
Spider Man
84.1%
The Sixth Sense
84.1%
Pirates of the Caribbean
84.1%
Sherlock Holmes
84.1%
Titanic
79.5%
% Correct
The Terminator
77.3%
The Godfather
77.3%
The Godfather
75%
Saw
72.7%
Harry Potter
70.5%
Batman
70.5%
Saw
70.5%
Alice in Wonderland.
68.2%
How to lose a guy in 10 days
65.9%
Bambi
56.8%
Remove Ads.
Support Sporcle.
Get the best of Sporcle when you Go Orange. This ad-free experience offers more features, more stats, and more fun while also helping to support Sporcle. Thank you for becoming a member.

You're not logged in!

Compare scores with friends on all Sporcle quizzes.
OR
Log In

Show Comments

Extras

Created Sep 13, 2017ReportNominate
Tags:Clickable Quiz, Quote Quiz, Try

Top Quizzes Today


Score Distribution

Your Account Isn't Verified!

In order to create a playlist on Sporcle, you need to verify the email address you used during registration. Go to your Sporcle Settings to finish the process.

Report this User

Report this user for behavior that violates our Community Guidelines.

Details: